Historia de la educación en Bogotá Tomo II
El presente trabajo no pretende ser una exploración exhaustiva de lo que aconteció con la infancia durante ese periodo en Bogotá. Se trata más bien de arriesgar una mirada, de proponer un modo de leer algo que en principio parece bastante obvio, la aparición de un modo de ser de la infancia en el co...
Saved in:
| 其他作者: | , , |
|---|---|
| 格式: | 電子 軟件 電子書 |
| 語言: | Spanish |
| 出版: |
Bogotá:
Instituto para la Investigación Educativa y el Desarrollo Pedagógico - IDEP,
2012.
|
| 版: | Segunda edición |
| 叢編: | Serie Investigación IDEP
|
| 主題: | |
| 在線閱讀: | Para consultar en texto completo haga clic aquí |
| 標簽: |
添加標簽
沒有標簽, 成為第一個標記此記錄!
|
MARC
| LEADER | 00000nmm a22000007a 4500 | ||
|---|---|---|---|
| 003 | OSt | ||
| 005 | 20251016092846.0 | ||
| 007 | cz cz|a|aaa | ||
| 008 | 160429b xxu||||go||d|o00| 0 spa| | ||
| 999 | |c 4413 |d 4413 | ||
| 020 | |a 9589788780122 | ||
| 040 | |a CO-BoIIE |b SPA |e RCAA | ||
| 082 | |2 2a Ed. |a 370.986148 |b H67 Tomo 2 | ||
| 245 | |a Historia de la educación en Bogotá Tomo II |c Olga Lucía Zuluaga, Investigadora | ||
| 250 | |a Segunda edición | ||
| 260 | |a Bogotá: |b Instituto para la Investigación Educativa y el Desarrollo Pedagógico - IDEP, |c 2012. | ||
| 300 | |b 1 Archivo PDF |g 1.99 MB |a 257 páginas | ||
| 385 | |n General | ||
| 440 | |a Serie Investigación IDEP |9 3413 | ||
| 504 | |a Incluye abreviaturas y bibliografía | ||
| 520 | |a El presente trabajo no pretende ser una exploración exhaustiva de lo que aconteció con la infancia durante ese periodo en Bogotá. Se trata más bien de arriesgar una mirada, de proponer un modo de leer algo que en principio parece bastante obvio, la aparición de un modo de ser de la infancia en el contexto urbano. | ||
| 650 | |a Historia de la educación |9 16759 | ||
| 650 | |a Infancia y adolescencia |9 16760 | ||
| 650 | |a Pobreza infantil |9 16761 | ||
| 650 | 0 | |a Política educativa |9 966 | |
| 651 | |a Bogotá (Colombia) |9 16762 | ||
| 700 | 1 | |a Zuluaga Garcés, Olga Lucía |e Investigadora principal |9 5318 | |
| 700 | 1 | |a Noguera R., Carlos Ernesto |e Investigador |9 17606 | |
| 700 | 1 | |9 244 |a Jesús Alberto Echeverri Sánchez |e Investigador | |
| 856 | |u https://repositorio.idep.edu.co/handle/001/762 |y Para consultar en texto completo haga clic aquí | ||
| 942 | |2 ddc |c BK | ||